Five Random Cities by Country - Statistics

General Stats
  • This quiz has been taken 168 times
  • The average score is 11 of 20
Answer Stats
Country Clue City % Correct
Ethiopia Headquarters of the African Union Addis Ababa
100%
Belgium "Diamond capital of the world" Antwerp
100%
Once home of the papacy Avignon
100%
Iraq Center of the Islamic Golden Age Baghdad
100%
Mali Capital of Mali Bamako
100%
Where Sinbad sails from Basra
100%
Romans called it "Aquae Sulis" Bath
100%
Lebanon Devastated by an explosion in 2020 Beirut
100%
Norway Largest city in Norway until 1830s Bergen
100%
Birthplace of Jesus Bethlehem
100%
England Peaky Blinders' home city Birmingham
100%
Judicial capital of South Africa Bloemfontein
100%
The wine capital of the world Bordeaux
100%
1773 Tea Party Boston
100%
Will host the 2032 Summer Olympics Brisbane
100%
Romania Home to world's heaviest building Bucharest
100%
France Hosts a well-known film festival Cannes
100%
South Africa Is overlooked by the Table Mountain Cape Town
100%
Morocco Location of a Bogart movie Casablanca
100%
Sri Lanka Sri Lanka's commercial capital Colombo
100%
Charted city near Harari Dire Dawa
100%
Capital of the Iraqi Kurdistan Erbil
100%
Namesake of red hat with a tassle Fes
100%
Germany Financial capital of Germany Frankfurt
100%
Free City of Danzig Gdańsk
100%
Last Muslim city in Spain Granada
100%
Site of the Baháʼí World Centre Haifa
100%
Oldest German university Heidelberg
100%
Last capital of the Timurid Empire Herat
100%
Capital of Tasmania Hobart
100%
Home to the largest city squarein the Middle East Isfahan
100%
Israel It is called "Al-Quds" in Arabic Jerusalem
100%
Poland Home to Poland's oldest university Krakow
100%
Malaysia Home to the Petronas Towers Kuala Lumpur
100%
Highest world capital La Paz
100%
Dalai Lama lived here until 1959 Lhasa
100%
1994 Winter Olympics host Lillehammer
100%
"Film capital" of Poland Łódź
100%
Most populous in western Ukraine Lviv
100%
Autonomous gambling city Macau
100%
Saudi Arabia Muslims pray towards it Mecca
100%
Australia Australian Open's venue Melbourne
100%
Site of the ancient city of Nineveh Mosul
100%
Site of Nazi rallies and tribunals Nuremberg
100%
Denmark Capital of Greenland Nuuk
100%
Most populous coastal city Odessa
100%
Was home to the largest Germanconcentration camp in WWII Oświęcim
100%
Oldest university in England Oxford
100%
Where one can run with the bulls Pamplona
100%
Portugal Located at the mouth of Douro Porto
100%
Some propose to name it "Tshwane" Pretoria
100%
Religious capital of Iran Qom
100%
Greece Site of the Colossus statue Rhodes
100%
The Steel City Sheffield
100%
Bolivia Was founded as "La Plata" Sucre
100%
First capital of Safavid Empire Tabriz
100%
Estonia Capital of Estonia Tallinn
100%
Iran Setting of "Argo" Tehran
100%
Former trans-Saharan trade center Timbuktu
100%
Where paella originates Valencia
100%
Capital during World War II Vichy
100%
New Zealand Southernmost world capital Wellington
100%
Largest city on River Oder Wrocław
100%
China Home of the Terracotta Army Xi'an
100%
Site of a WWII "Big 3" conference Yalta
100%
Croatia Ban Jelačić is its central square Zagreb
100%
Chile 1962 FIFA World Cup finals venue Santiago
89%
City on Rhine located on the borderwith France and Germany Basel
83%
Canada Hosts the annual "Stampede" Calgary
83%
Switzerland Most populous French-speaking city Geneva
83%
Capital of the Philippines Manila
83%
Only fortified city in Canada Quebec City
83%
Philippines Official capital until 1976 Quezon City
83%
Oscar Niemeyer designed much of it Brasília
80%
One of the venues for Grand Prix motorcycle racing until 2020 Brno
80%
King Shaka is the name of itsinternational airport Durban
80%
Was the capital of Mughal andSikh Empires Lahore
80%
Ireland Type of poem namesake Limerick
80%
Brazil Biggest city in Amazon rainforest Manaus
80%
Setting of "The Sound of Music" Salzburg
80%
Russia 2014 Winter Olympics host Sochi
80%
International Court of Justice The Hague
80%
Oldest university in Finland Turku
80%
Nigeria Capital of Nigeria Abuja
75%
Called "Halab" in local language Aleppo
75%
Independence-declaring counter-part of Luhansk Donetsk
75%
Walled city formerly called Ragusawhich is a World Heritage site Dubrovnik
75%
Ukraine Vitali Klitschko is its mayor Kiev
75%
Croatia's main port Rijeka
75%
Hometown of Lionel Messi Rosario
75%
Bulgaria Alexander Nevsky Cathedral Sofia
75%
Most populous coastal city Split
75%
Often called the "Granite City" Aberdeen
67%
Center of an empire that existed between 100–940 AD Axum
67%
Home to the world's largest airport Dammam
67%
... until this one replaced it in 1996 Dodoma
67%
Headquarters of Hamas Gaza
67%
Scotland "Capital" of the Scottish Highlands Inverness
67%
Soon will be home to the tallest building in the world Jeddah
67%
The oldest walled city in world Jericho
67%
Peru Founded by Francisco Pizarro Lima
67%
The national anthem of Franceis named after its people Marseille
67%
Where Muhammad is buried Medina
67%
Its federal building wasbombed in 1995 Oklahoma City
67%
Last port of call for the Mayflower on its voyage to America Plymouth
67%
Current de-facto capital of Palestine Ramallah
67%
Largest city on the Arabian Peninsula Riyadh
67%
United States "The City by the Bay" San Francisco
67%
Capital of Yukon Territory Whitehorse
67%
Birthplace of Freddie Mercury Zanzibar
67%
Site of the largest dam on Nile Aswan
60%
The largest city in Italy's heel Bari
60%
The first planned modern city in Brazil; capital of Minas Gerais Belo Horizonte
60%
Claims to be the second-largestnatural harbour in the world Cork
60%
Capital of Algarve Faro
60%
Ed Sheeran sang a song about it Galway
60%
Italy Christopher Columbus's hometown Genoa
60%
Egypt Great Pyramid locale Giza
60%
Birthplace of Franz Ferdinand Graz
60%
Austria Twice hosted the Winter Olympics Innsbruck
60%
Formerly known as "Königsberg" Kaliningrad
60%
Location of the Valley of the Kings Luxor
60%
Sweden Öresund Bridge's eastern terminus Malmö
60%
City that is famous for its beer Plzeň
60%
Czech Republic Charles IV's Holy Roman capital Prague
60%
Sicilian city which was once the largest Greek colony Syracuse
60%
Finland Largest inland city Tampere
60%
Oldest university in Scandinavia Uppsala
60%
Netherlands Most important during Middle Ages Utrecht
60%
"Romeo and Juliet" was set here Verona
60%
Russian Pacific fleet headquarters Vladivostok
60%
City where famous crystal was made Waterford
60%
Home to the National Congress Valparaíso
56%
Denmark's leading container port Aarhus
50%
Pacific city known for cliff divers Acapulco
50%
Nearest large town to Uluru Alice Springs
50%
Where two large statues of Buddhawere bombed in 2001 Bamyan
50%
Largest in the Negev Desert Beersheba
50%
The British stole its "bronzes"after a battle in 1897 Benin City
50%
Known for it canals Bruges
50%
Gateway to the Great Barrier Reef for most tourists Cairns
50%
Site of a deadly 2011 earthquake Christchurch
50%
Main Bolivian city on Lake Titicacawith namesake of a Rio beach Copacabana
50%
Syria Fourth-holiest city in Islam Damascus
50%
World Economic Forum site Davos
50%
Israel's only seaport on the Red Sea Eilat
50%
Capital of Crete Heraklion
50%
Afghanistan Setting of "The Kite Runner" Kabul
50%
Biggest city in northern Nigeria Kano
50%
Largest German city on the Baltic Sea Kiel
50%
Olympic headquarters and EPFL city Lausanne
50%
City in Wallonia that has the namesake of a famous type of waffle Liège
50%
Its name means "tomb of the saint" Mazar-i-Sharif
50%
Gateway to Mount Aconcaguafor most tourists Mendoza
50%
Site of a bloody WWII battle Narva
50%
City of Jesus's youth Nazareth
50%
Hometown of H. C. Andersen Odense
50%
Largest on Estonia's west coast Pärnu
50%
Gave its name to a major Australian city Perth
50%
"Oil capital of Nigeria" Port Harcourt
50%
Site of world's largest silver deposit Potosí
50%
Formerly German-occupied city known for its brewery Qingdao
50%
Most populous city in Bolivia Santa Cruz
50%
Often paired with the above Sidon
50%
Mineral springs city Spa
50%
Hosted the Winter Olympics twice St. Moritz
50%
Estonia's oldest university Tartu
50%
Once the second-largest cityin the Byzantine Empire Thessaloniki
50%
Namesake of an African capital Tripoli
50%
Where legendary figures Europaand Dido were born Tyre
50%
Located adjacent to the Latviantown of Valka Valga
50%
Five WWI battles were fought near it Ypres
50%
Oldest city in Croatia Zadar
50%
Home to the oldest archdiocesein Portugal Braga
40%
Capital of Sardinia Cagliari
40%
Dutch pottery city Delft
40%
Most visited city by tourists Denpasar
40%
Birthplace of Cristiano Ronaldo Funchal
40%
Namesake of a union that existedbetween 1397–1537 Kalmar
40%
Guinness's most famous dark beer Kilkenny
40%
Known for it beef Kobe
40%
The four-day Austrian Civil Warstarted here Linz
40%
Where modern-day EU was founded Maastricht
40%
Site of a 2019 hospital shooting Ostrava
40%
"Capital of Northern Finland" Oulu
40%
Japan Host of an annual "Snow Festival" Sapporo
40%
Northern Sweden's largest city Umeå
40%
Capital of Gotland Visby
40%
India Location of the Taj Mahal Agra
33%
Where Gandhi started his Salt March Ahmedabad
33%
Setting of "Breaking Bad" Albuquerque
33%
City major urban area in Luzondoes NOT start with "Los" Angeles
33%
Most popular seaside resort Antalya
33%
Seat of the Constitutional Court Arequipa
33%
Many Kilimanjaro hikers fly into this Tanzanian city Arusha
33%
Home to Turkey's largest oil field,namesake of a DC superhero Batman
33%
At least 4,000 people died here in 1984 after an industrial gas leak Bhopal
33%
Take the "train to" this zombified city Busan
33%
Home to Magellan's Cross Cebu
33%
Unofficial capital of Transylvania Cluj-Napoca
33%
Was the capital of the Inca Empire Cuzco
33%
The Textile City Daegu
33%
Tanzania This was Tanzania's former capital ... Dar es Salaam
33%
Only fortified city Galle
33%
Ethiopian Empire's first fixed capital Gondar
33%
Where world's largest accidental explosion took place Halifax
33%
Palestine Most populous city in the territory controlled by the PNA Hebron
33%
South Korea Home to South Korea's main airport Incheon
33%
Largest city inside Amazon rainforest Iquitos
33%
Turkey "The Pearl of the Aegean" İzmir
33%
Main town of the Orkney Islands Kirkwall
33%
Mother Teresa's last residence Kolkata
33%
Capital of the Tigray Region Mekelle
33%
Home of world's oldest golf course St Andrews
33%
Holiest city in Hinduism Varanasi
33%
Bulgaria's largest oil refinery Burgas
25%
Tiny dog breed namesake Chihuahua
25%
Argentina Home to Argentina's oldest university Córdoba
25%
Where tequila originated Guadalajara
25%
"Emesa" was its pre-Islamic name Homs
25%
Biggest city before independence Ibadan
25%
Mexico Located across to El Paso Juárez
25%
A type of olive is named after it Kalamata
25%
Main port of Syria Latakia
25%
Host of the Panhellenic Games Olympia
25%
Europe's oldest continuously-inhabited city Plovdiv
25%
Largest Bulgarian city on Danube Ruse
25%
World's most murderous city per-capita Tijuana
25%
World's southernmost city Ushuaia
25%
Seaport historically called "Odessos" Varna
25%
The War of the Pacific started whenChile occupied this port city Antofagasta
22%
Home to a meteor Chelyabinsk
20%
Home to the oldest university Coimbra
20%
Site of a catastrophic fireworks disaster in 2000 Enschede
20%
Red Sea resort that is home toEgypt's second-busiest airport Hurghada
20%
Most populous in New Guinea Jayapura
20%
Capital of the state of Carinthia Klagenfurt
20%
Called "Reichenberg" in German Liberec
20%
Capital of Åland Islands Mariehamn
20%
Where the riots that toppled Suharto started in 1998 Medan
20%
Punjab's "City of Saints" Multan
20%
Hosted the 1998 Winter Olympics Nagano
20%
Closest Brazilian city to Africa Natal
20%
Suburb of the above with namesakeof a telephone company Nokia
20%
White-only city of Northern Cape Orania
20%
Nearest major city to Khyber Pass Peshawar
20%
Northern terminus of Suez Canal Port Said
20%
Orchard city of Balochistan Quetta
20%
Pakistan Capital of Pakistan before 1964 Rawalpindi
20%
First capital of Brazil Salvador
20%
Most populous during Dutch rule Surabaya
20%
Where the Romanov family
was executed in 1918
Yekaterinburg
20%
Indonesia Last monarchial city of Indonesia Yogyakarta
20%
Where the Death Squad is active Davao
17%
Detainees were abused in its former U.S. prison Abu Ghraib
0%
Capital of Niue Alofi
0%
Medieval capital of Siam Ayothaya
0%
Thailand Colloquially called "Krung Thep" Bangkok
0%
Hometown of Shakira Barranquilla
0%
This city doesn't actually exist Bielefeld
0%
Colombia Capital of Colombia Bogota
0%
First capital of the Ottoman Empire Bursa
0%
1971 Pan American Games host Cali
0%
Only city the Spanish fortifiedduring the colonial era Cartagena
0%
City bordering Morocco that sitson the Strait of Gibraltar Ceuta
0%
Largest city in Northern Thailand Chiang Mai
0%
Main port of Romania Constanța
0%
Largest Turkish city on Tigris Diyarbakır
0%
Known for its abode-madeGreat Mosque; a UNESCO site Djenné
0%
City named after Edinburgh Dunedin
0%
Former capital of the Songhai Empire Gao
0%
Capital of Penang George Town
0%
Spain Basque town Picasso painted Guernica
0%
Site of a bloody uprising in 1980 Gwangju
0%
Main town of Easter Island Hanga Roa
0%
Capital of Inner Mongolia Hohhot
0%
Was shortly the capital of Romaniabetween 1916–1918 Iași
0%
Located on a northern peninsula Jaffna
0%
The air route between this city and Seoul is world's busiest Jeju
0%
Located right north of Singapore Johor Bahru
0%
Headquarters of Taliban Kandahar
0%
"Sweet" city in central Sri Lanka Kandy
0%
Largest city on Malaysian Borneo Kota Kinabalu
0%
Capital of the Buenos Aires province La Plata
0%
The strait between Malaysia and Sumatra is named after it Malacca
0%
"Jemaa el-Fnaa" market square Marrakesh
0%
Its cartel was led by Pablo Escobar Medellín
0%
Tanzania's largest on Lake Victoria Mwanza
0%
Capital of Okinawa Naha
0%
Located close to a famousgroup of archaeological "lines" Nazca
0%
Most popular seaside resort town Phuket
0%
Most tourists fly to this city tothen visit the Milford Sound Queenstown
0%
Was the capital of the ISILuntil 2014 Raqqa
0%
Capital of Denmark before 1443 Roskilde
0%
Nearest major city to the2011 earthquake Sendai
0%
Popular grape type namesake Shiraz
0%
Second-biggest city in Mali Sikasso
0%
Official administrative capital of Sri Lanka Sri Jayawar-denepura Kotte
0%
Oil capital of Norway Stavanger
0%
Home to the smallest national park St. Louis
0%
Once an international zone Tangier
0%
Capital of parts of Morocco thatwere controlled by Spain Tetouan
0%
Romanian Revolution's starting point Timișoara
0%
Main city of the Faroe Islands,its name means "Thor's harbour" Tórshavn
0%
Most populous non-Russian citynorth of the Arctic Circle Tromsø
0%
Historically called Nidaros Trondheim
0%
Major northeastern city starting witha Japanese wheat noodle Udon Thani
0%
Devastated by an 1960 earthquake Valdivia
0%
Where Greenpeace was founded Vancouver
0%
Largest inland city Zahlé
0%
No matching quizzes found
Score Distribution
Percent of People with Each Score
Percentile by Number Answered
Your Score History
You have not taken this quiz